[Event "Chigorin Memorial"]
[Site "St Petersburg RUS"]
[Date "2013.10.07"]
[Round "3.13"]
[White "Zhigalko, Andrey"]
[Black "Paravyan, David"]
[Result "1-0"]
[WhiteTitle "GM"]
[WhiteElo "2615"]
[BlackElo "2444"]
[WhiteFideId "13502247"]
[BlackFideId "4194985"]
[EventDate "2013.10.05"]

1. c4 Nf6 2. g3 e5 3. Nc3 Bb4 4. Nf3 e4 5. Nd4 Nc6 6. Nc2 Bxc3 7. dxc3 Ne5 8. b3
Qe7 9. Bg2 Nf3+ 10. Kf1 Ne5 11. Bg5 Neg4 12. Qd4 h6 13. Bf4 d6 14. Rd1 Bd7 15.
h3 Ne5 16. c5 Nc6 17. Qd2 dxc5 18. Bxc7 Bxh3 19. Bd6 Bxg2+ 20. Kxg2 Qd7 21. Qg5
O-O-O 22. Qxc5 b6 23. Qc4 Kb7 24. Ne3 Na5 25. Qb4 Qe6 26. c4 Nc6 27. Qa3 Ng4 28.
Nxg4 Qxg4 29. Qb2 Rd7 30. b4 e3 31. Rh4 Qg6 32. c5 b5 33. f3 Ra8 34. Rg4 Qf5 35.
Re4 h5 36. Rxe3 h4 37. Red3 hxg3 38. Bxg3 Re7 39. e4 Qe6 40. Rd6 1-0

[Event "Chigorin Memorial"]
[Site "St Petersburg RUS"]
[Date "2013.10.07"]
[Round "3.14"]
[White "Matinian, Nikita"]
[Black "Kokarev, Dmitry"]
[Result "0-1"]
[WhiteTitle "IM"]
[BlackTitle "GM"]
[WhiteElo "2472"]
[BlackElo "2611"]
[WhiteFideId "24129100"]
[BlackFideId "4132181"]
[EventDate "2013.10.05"]

1. e4 c5 2. Nf3 e6 3. d4 cxd4 4. Nxd4 Nf6 5. Nc3 Nc6 6. Nxc6 bxc6 7. e5 Nd5 8.
Ne4 Qc7 9. f4 Qb6 10. c4 Bb4+ 11. Ke2 f5 12. exf6 Nxf6 13. Be3 Qd8 14. Nxf6+
Qxf6 15. Qd4 Be7 16. Rd1 Qf7 17. c5 O-O 18. b3 Qh5+ 19. Kd2 Rf5 20. g4 Qxg4 21.
Rg1 Qxg1 22. Bxg1 Rd5 23. Bc4 Rxd4+ 24. Bxd4 Kf7 25. f5 a5 26. Rg1 Bf6 27. Kc3
Ba6 28. Bxf6 gxf6 29. fxe6+ dxe6 30. Rd1 Bxc4 31. Kxc4 Ke7 32. Rd6 Rc8 33. a3 f5
34. Rd3 f4 35. Rh3 Rd8 36. b4 axb4 37. axb4 e5 38. Rxh7+ Ke6 39. Rh6+ Kf5 40.
Rxc6 f3 41. Rc7 Ke6 42. Rc6+ Ke7 43. Rc7+ Ke8 44. Ra7 f2 45. Ra1 e4 46. c6 e3
47. c7 e2 0-1

[Event "Chigorin Memorial"]
[Site "St Petersburg RUS"]
[Date "2013.10.07"]
[Round "3.15"]
[White "Solak, Dragan"]
[Black "Iljiushenok, Ilia"]
[Result "1-0"]
[WhiteTitle "GM"]
[WhiteElo "2611"]
[BlackElo "2418"]
[WhiteFideId "916811"]
[BlackFideId "24105074"]
[EventDate "2013.10.05"]

1. e4 e5 2. Nf3 Nc6 3. Bb5 f5 4. Nc3 fxe4 5. Nxe4 d5 6. Nxe5 dxe4 7. Nxc6 Qg5 8.
Qe2 Nf6 9. Nxa7+ Bd7 10. Bxd7+ Nxd7 11. f4 Qc5 12. Nb5 Qxc2 13. d4 Bb4+ 14. Kf2
Qc6 15. Be3 Bd6 16. Rhc1 Qb6 17. d5 Bc5 18. Rxc5 Nxc5 19. Qc4 Ra5 20. a4 Nd3+
21. Qxd3 exd3 22. Bxb6 cxb6 23. b4 Ra6 24. Nc7+ Kd7 25. Nxa6 bxa6 26. Ke3 Kd6
27. Kxd3 Kxd5 28. Re1 Rf8 29. g3 Kd6 30. h4 h6 31. Re4 Kd7 32. h5 Kd6 33. g4 b5
34. axb5 axb5 35. f5 Rc8 36. Re6+ Kd5 37. Rb6 Ke5 38. Rb7 Kf6 39. Rb6+ Ke5 40.
Rb7 Kf6 41. Rxb5 Kg5 42. f6+ Kxf6 43. Rc5 Rd8+ 44. Kc4 g5 45. hxg6 Kxg6 46. b5
Rd1 47. b6 Rg1 48. b7 Rxg4+ 49. Kb5 Rg1 50. Kb6 1-0

[Event "Chigorin Memorial"]
[Site "St Petersburg RUS"]
[Date "2013.10.07"]
[Round "3.16"]
[White "Chekhov, Sergei"]
[Black "Aleksandrov, Aleksej"]
[Result "1/2-1/2"]
[WhiteTitle "IM"]
[BlackTitle "GM"]
[WhiteElo "2455"]
[BlackElo "2600"]
[WhiteFideId "4195639"]
[BlackFideId "13500139"]
[EventDate "2013.10.05"]

1. e4 e5 2. Nf3 Nc6 3. d4 exd4 4. Nxd4 Bc5 5. Nxc6 Qf6 6. Qf3 bxc6 7. Nd2 Qxf3
8. gxf3 Ne7 9. Nb3 Bb6 10. a4 a5 11. Rg1 O-O 12. Be3 Ba6 13. Bxa6 Rxa6 14. O-O-O
d6 15. h4 Bxe3+ 16. fxe3 c5 17. h5 f6 18. Nd2 Raa8 19. b3 Nc6 20. Rg3 Rae8 21.
Rdg1 Re7 22. c3 f5 23. Kc2 h6 24. Rg6 fxe4 25. f4 Kh8 26. Nf1 Nb8 27. Ng3 Nd7
28. Rb1 Nf6 29. Kd2 Kh7 30. Rg1 Rff7 31. c4 Rd7 32. Kc3 c6 33. f5 d5 34. Rd1 Rb7
35. Ne2 Rb4 36. Nf4 dxc4 37. bxc4 Rxa4 38. Rd8 Ra3+ 39. Kb2 Rxe3 40. Rg2 Rd7 41.
Rb8 Rf7 42. Rd2 Rd7 43. Rg2 Rf7 44. Rd2 Rd7 1/2-1/2

[Event "Chigorin Memorial"]
[Site "St Petersburg RUS"]
[Date "2013.10.07"]
[Round "3.17"]
[White "Smirnov, Artem"]
[Black "Burmakin, Vladimir"]
[Result "0-1"]
[WhiteTitle "IM"]
[BlackTitle "GM"]
[WhiteElo "2434"]
[BlackElo "2581"]
[WhiteFideId "4143256"]
[BlackFideId "4105109"]
[EventDate "2013.10.05"]

1. d4 Nf6 2. c4 c6 3. Nc3 d5 4. cxd5 cxd5 5. Bf4 e6 6. e3 Bd6 7. Bxd6 Qxd6 8.
Bd3 O-O 9. f4 b6 10. Nf3 Bb7 11. O-O a6 12. Ne5 Nbd7 13. Qf3 Qe7 14. Rac1 Rac8
15. Qh3 b5 16. a3 Nb6 17. Ng4 Ne4 18. Bxe4 dxe4 19. f5 exf5 20. Rxf5 f6 21. Rcf1
Rc7 22. Qg3 Kh8 23. Qh4 Bc8 24. Rh5 g6 25. Rh6 Bxg4 26. Qxg4 Qg7 27. Rh3 f5 28.
Qf4 Rcf7 29. Rg3 Nc4 30. Rf2 h6 31. h4 Kh7 32. a4 b4 33. Nd5 b3 34. Nb4 Qf6 35.
Nd5 Qc6 36. Nc3 Nxb2 37. Rxb2 Qxc3 38. Qd6 Rf6 39. Qa3 f4 0-1

[Event "Chigorin Memorial"]
[Site "St Petersburg RUS"]
[Date "2013.10.07"]
[Round "3.19"]
[White "Arslanov, Shamil"]
[Black "Belous, Vladimir"]
[Result "0-1"]
[WhiteTitle "IM"]
[BlackTitle "GM"]
[WhiteElo "2405"]
[BlackElo "2554"]
[WhiteFideId "4192826"]
[BlackFideId "4174003"]
[EventDate "2013.10.05"]

1. e4 c5 2. f4 Qc7 3. Nc3 Qxf4 4. d4 Qc7 5. Nd5 Qd8 6. Bf4 d6 7. dxc5 e6 8. Nc3
e5 9. Bg3 Nc6 10. Bb5 Be6 11. Nf3 a6 12. Bxc6+ bxc6 13. cxd6 f6 14. Nxe5 fxe5
15. Qh5+ Kd7 16. Qxe5 Qb6 17. Bf2 c5 18. O-O Qc6 19. b3 Nf6 20. Na4 Bxd6 21. Qg5
Rhg8 22. Rad1 Ke8 23. e5 Ne4 24. Qh5+ Bf7 25. Qf3 Be7 26. Bh4 Rf8 27. Bxe7 Kxe7
28. Rd6 Qb5 29. Rb6 Bg6 30. Rxb5 axb5 31. Qd3 Rxf1+ 32. Kxf1 bxa4 33. Qb5 Rd8
34. Qb6 axb3 35. cxb3 Rd1+ 36. Ke2 Rd2+ 37. Ke3 Rxa2 38. Qc7+ Ke6 39. Qxg7 Rxg2
40. h4 Rh2 41. Qg8+ Kxe5 42. Qg7+ Ke6 43. Qg8+ Kd7 44. Qg7+ Kc6 45. Qa7 Rh3+ 46.
Kf4 Rxh4+ 47. Ke5 Rh5+ 48. Ke6 Bf5+ 49. Ke5 Bg6+ 50. Ke6 Kb5 51. Qa4+ Kb6 52.
Qa8 Bf5+ 53. Ke7 Rg5 54. Qb8+ Ka5 55. Qa8+ Kb4 56. Qa4+ Kc3 57. Qc4+ Kd2 58. b4
cxb4 59. Qxb4+ Ke2 60. Qb2+ Kf3 61. Qa3+ Kg4 62. Qb2 Ng3 63. Qd4+ Kh3 64. Qd1
Rg6 65. Qf3 h5 66. Qf2 h4 67. Qf3 Bg4 68. Qf2 Re6+ 69. Kf7 Re2 70. Qg1 Re5 71.
Kg6 Rf5 72. Qd4 Ne2 73. Qe3+ Kh2 74. Qe4 Rf4 0-1

[Event "Chigorin Memorial"]
[Site "St Petersburg RUS"]
[Date "2013.10.07"]
[Round "3.20"]
[White "Bukavshin, Ivan"]
[Black "Aitbayev, Aslan"]
[Result "1-0"]
[WhiteTitle "GM"]
[BlackTitle "IM"]
[WhiteElo "2553"]
[BlackElo "2403"]
[WhiteFideId "4199758"]
[BlackFideId "13704613"]
[EventDate "2013.10.05"]

1. g3 g6 2. Bg2 Bg7 3. e4 c5 4. Ne2 Nc6 5. c3 e5 6. d3 d6 7. a3 Nge7 8. b4 O-O
9. O-O Be6 10. Nd2 Qd7 11. Rb1 b6 12. b5 Nd8 13. d4 Bh3 14. dxc5 Bxg2 15. Kxg2
dxc5 16. Nc4 Qe6 17. Qb3 Nb7 18. Rd1 Rad8 19. Bg5 Rxd1 20. Rxd1 Nc8 21. Nc1 Qg4
22. h4 Qxe4+ 23. f3 Qf5 24. Ne3 Qe6 25. Qxe6 fxe6 26. Nc4 e4 27. fxe4 Bxc3 28.
e5 Na5 29. Nxa5 bxa5 30. Nb3 c4 31. Nc5 Nb6 32. Nxe6 Re8 33. Rd6 Bxe5 34. Rc6
Rc8 35. Kf3 Rxc6 36. bxc6 Kf7 37. Nd8+ Ke8 38. Nb7 a4 39. g4 Bb2 40. Nd6+ Kf8
41. Bd8 Bxa3 42. Bxb6 Bxd6 43. Bc5 1-0

[Event "Chigorin Memorial"]
[Site "St Petersburg RUS"]
[Date "2013.10.07"]
[Round "3.21"]
[White "Borisenko, Andrei"]
[Black "Popov, Valerij"]
[Result "1/2-1/2"]
[WhiteTitle "IM"]
[BlackTitle "GM"]
[WhiteElo "2401"]
[BlackElo "2548"]
[WhiteFideId "4120930"]
[BlackFideId "4119410"]
[EventDate "2013.10.05"]

1. d4 d5 2. Nc3 Nf6 3. Bg5 c5 4. Bxf6 gxf6 5. e4 dxe4 6. dxc5 Qa5 7. Qh5 e6 8.
O-O-O Be7 9. Bb5+ Nc6 10. Nge2 f5 11. g4 a6 12. Bxc6+ bxc6 13. gxf5 exf5 14. f3
Qxc5 15. Nd4 exf3 16. Rhf1 Bd7 17. Rxf3 O-O-O 18. Qxf7 Rhf8 19. Qxh7 Bf6 20.
Rfd3 Qe7 21. Qh3 Kc7 22. Qf3 Be5 23. h3 Qf6 24. a4 Bc8 25. Nb3 Rxd3 26. Rxd3 Rg8
27. Ne2 Bxb2+ 28. Kb1 Ba3 29. Qf4+ Bd6 30. Qe3 Bb7 31. a5 f4 32. Qb6+ Kc8 33.
Ned4 Rg3 34. Nxc6 Rxd3 35. Na7+ Kb8 36. Nc6+ Kc8 37. Na7+ Kb8 38. Nc6+ 1/2-1/2

[Event "Chigorin Memorial"]
[Site "St Petersburg RUS"]
[Date "2013.10.07"]
[Round "3.22"]
[White "Stocek, Jiri"]
[Black "Tseitlin, Mark D"]
[Result "1-0"]
[WhiteTitle "GM"]
[BlackTitle "GM"]
[WhiteElo "2543"]
[BlackElo "2399"]
[WhiteFideId "304760"]
[BlackFideId "2800128"]
[EventDate "2013.10.05"]

1. d4 Nf6 2. c4 g6 3. Nc3 d5 4. Nf3 Bg7 5. h4 dxc4 6. e4 c5 7. d5 b5 8. h5 b4 9.
h6 Bf8 10. Na4 Nxe4 11. Bxc4 Nd6 12. Be2 Nd7 13. Be3 Qa5 14. Rc1 b3+ 15. Nc3
bxa2 16. Ra1 Ne4 17. Qc2 Nxc3 18. bxc3 Qc7 19. Rxa2 Nb6 20. Bb5+ Bd7 21. Bxd7+
Qxd7 22. O-O Qxd5 23. Rd1 Qf5 24. Qb3 f6 25. Ra5 Nd7 26. Nd4 c4 27. Qa4 Qe4 28.
Nb3 Kf7 29. Rxd7 1-0

[Event "Chigorin Memorial"]
[Site "St Petersburg RUS"]
[Date "2013.10.07"]
[Round "3.23"]
[White "Chashchev, Sergey"]
[Black "Gabrielian, Artur"]
[Result "0-1"]
[WhiteTitle "FM"]
[BlackTitle "GM"]
[WhiteElo "2396"]
[BlackElo "2541"]
[WhiteFideId "4134516"]
[BlackFideId "4131002"]
[EventDate "2013.10.05"]

1. Nf3 Nf6 2. d4 g6 3. c4 Bg7 4. g3 O-O 5. Bg2 d5 6. cxd5 Nxd5 7. O-O Nb6 8. Nc3
Nc6 9. e3 Re8 10. Re1 a5 11. Qe2 a4 12. Rd1 Ra5 13. Ne5 Nxe5 14. dxe5 Bd7 15. e6
fxe6 16. Bxb7 Qb8 17. Bg2 Rc5 18. Rb1 Rf8 19. e4 Bc8 20. Be3 Ra5 21. Qe1 Nc4 22.
Nxa4 Rxa4 23. b3 Nxe3 24. bxa4 Nxg2 25. Kxg2 Qa7 26. a5 Bd4 27. f3 e5 28. Qb4 c5
29. Qa4 Qa6 30. Rd2 Qe6 31. g4 Rxf3 0-1

[Event "Chigorin Memorial"]
[Site "St Petersburg RUS"]
[Date "2013.10.07"]
[Round "3.24"]
[White "Svetlov, Dmitry"]
[Black "Rozum, Ivan"]
[Result "1-0"]
[WhiteTitle "FM"]
[BlackTitle "IM"]
[WhiteElo "2371"]
[BlackElo "2533"]
[WhiteFideId "24102610"]
[BlackFideId "24104272"]
[EventDate "2013.10.05"]

1. d4 Nf6 2. Nf3 e6 3. g3 b5 4. Bg2 Bb7 5. O-O c5 6. c3 Be7 7. Bg5 Na6 8. Nbd2
O-O 9. e3 d5 10. Ne5 Nd7 11. Nxd7 Qxd7 12. Bxe7 Qxe7 13. Qe2 b4 14. dxc5 bxc3
15. c6 cxb2 16. Rab1 Bc8 17. Rxb2 Nb4 18. Qb5 a5 19. Rfb1 Qc7 20. e4 Ba6 21. Qa4
Rfd8 22. exd5 exd5 23. a3 Nxc6 24. Rc2 Rd6 25. Rbc1 Bb7 26. Nb3 Rad8 27. Nd4 Rc8
28. Nb5 Qe7 29. Nxd6 Qxd6 30. Qb5 Rc7 31. Bxd5 1-0

[Event "Chigorin Memorial"]
[Site "St Petersburg RUS"]
[Date "2013.10.07"]
[Round "3.25"]
[White "Khanin, Semen"]
[Black "Alekseev, Evgeny"]
[Result "0-1"]
[BlackTitle "GM"]
[WhiteElo "2270"]
[BlackElo "2707"]
[WhiteFideId "4111990"]
[BlackFideId "4138147"]
[EventDate "2013.10.05"]

1. e4 c5 2. Nf3 Nc6 3. d4 cxd4 4. Nxd4 Qb6 5. Nb3 Nf6 6. Bd3 d5 7. exd5 Nxd5 8.
O-O e6 9. c4 Nf6 10. Nc3 Be7 11. Be3 Qc7 12. Nb5 Qb8 13. Qe2 O-O 14. Rad1 e5 15.
f3 h6 16. Bb1 b6 17. Qd2 Rd8 18. Qc1 Rxd1 19. Rxd1 Be6 20. Nc3 Qf8 21. Bd3 Rc8
22. a3 Nb8 23. Nd2 Nbd7 24. Bf1 Ne8 25. Qb1 Ndf6 26. Nb5 a6 27. Nc3 Nd6 28. Bxb6
Nxc4 29. Nxc4 Bxc4 30. Bxc4 Rxc4 31. Qd3 Qc8 32. Nd5 Bc5+ 33. Bxc5 Qxc5+ 34. Kf1
Rc2 35. Nxf6+ gxf6 36. Rd2 Rxb2 37. Rxb2 Qc1+ 38. Kf2 Qxb2+ 39. Kg3 Qb6 40. Kh3
Qe6+ 41. Kg3 f5 42. Kf2 Qb6+ 43. Kg3 f4+ 44. Kh3 Qe6+ 45. g4 fxg3+ 46. Kg2 gxh2
47. Kxh2 Kg7 48. Qc3 Qf6 49. Qd3 h5 50. Qe2 Qf4+ 51. Kg2 h4 0-1

[Event "Chigorin Memorial"]
[Site "St Petersburg RUS"]
[Date "2013.10.07"]
[Round "3.26"]
[White "Vavulin, Maksim"]
[Black "Zvjaginsev, Vadim"]
[Result "1/2-1/2"]
[BlackTitle "GM"]
[WhiteElo "2377"]
[BlackElo "2659"]
[WhiteFideId "4169530"]
[BlackFideId "4113403"]
[EventDate "2013.10.05"]

1. e4 c5 2. Nf3 Nc6 3. d4 cxd4 4. Nxd4 g6 5. Nc3 Bg7 6. Be3 Nf6 7. Bc4 O-O 8.
Bb3 Re8 9. Nxc6 dxc6 10. Qxd8 Rxd8 11. f3 b6 12. Kf2 Ba6 13. Rhd1 Nd7 14. h3 Kf8
15. Rd2 Ne5 16. Rad1 Rxd2+ 17. Rxd2 Nc4 18. Bxc4 Bxc4 19. Bd4 f6 20. b3 Ba6 21.
Ne2 Ke8 22. Be3 Rd8 23. Rxd8+ Kxd8 24. g4 e5 25. a4 Bc8 26. a5 Kc7 27. Nc3 Bf8
28. Na4 b5 29. Nc5 Bxc5 30. Bxc5 a6 31. Be7 f5 32. Kg3 Kd7 33. Bc5 Ke6 34. Kh4
fxe4 35. fxe4 Kf6 36. Kg3 h5 37. Bb6 hxg4 38. hxg4 g5 39. Bd8+ Kg6 40. Bc7 Kf6 1/2-1/2

[Event "Chigorin Memorial"]
[Site "St Petersburg RUS"]
[Date "2013.10.07"]
[Round "3.27"]
[White "Khairullin, Ildar"]
[Black "Usmanov, Vasily"]
[Result "1-0"]
[WhiteTitle "GM"]
[WhiteElo "2651"]
[BlackElo "2366"]
[WhiteFideId "4151348"]
[BlackFideId "4135741"]
[EventDate "2013.10.05"]

1. d4 d5 2. c4 e6 3. Nc3 Nf6 4. cxd5 exd5 5. Bg5 Be7 6. e3 c6 7. Bd3 Nbd7 8. Qc2
O-O 9. Nge2 Re8 10. O-O Nf8 11. f3 Be6 12. Bh4 Rc8 13. Rad1 a6 14. Kh1 Ng6 15.
Bf2 c5 16. Qb1 b5 17. dxc5 b4 18. Na4 Qa5 19. b3 Ne5 20. Bc2 Ned7 21. Nd4 Nxc5
22. Nxc5 Qxc5 23. Bd3 Bd7 24. Bxa6 Ra8 25. Bd3 g6 26. Qb2 Qa5 27. Bb1 Bf8 28.
Qd2 Rac8 29. a4 Rc3 30. Rc1 Bh6 31. Rxc3 bxc3 32. Qd3 Rc8 33. Rc1 Bf8 34. Be1
Bb4 35. Qe2 Ba3 36. Rd1 Bb4 37. Bd3 Ne8 38. h3 Nc7 39. Bg3 Ne6 40. Be5 Bf8 41.
Bc2 Nxd4 42. Bxd4 Qb4 43. Qa6 Be6 44. Ra1 Qb8 45. a5 Qg3 46. Qe2 Bc5 47. Bxc5
Rxc5 48. a6 Qb8 49. a7 Qa8 50. b4 Rc4 51. Qxc4 dxc4 52. Be4 1-0

[Event "Chigorin Memorial"]
[Site "St Petersburg RUS"]
[Date "2013.10.07"]
[Round "3.28"]
[White "Andriasian, Zaven"]
[Black "Shuraev, Andrei"]
[Result "1-0"]
[WhiteTitle "GM"]
[BlackTitle "IM"]
[WhiteElo "2621"]
[BlackElo "2351"]
[WhiteFideId "13302000"]
[BlackFideId "4115295"]
[EventDate "2013.10.05"]

1. e4 c6 2. d4 d5 3. e5 Bf5 4. h4 h5 5. c4 e6 6. Nc3 Ne7 7. Nge2 dxc4 8. Ng3 Na6
9. Bg5 Qb6 10. Bxc4 Nb4 11. O-O Bg6 12. Rc1 O-O-O 13. Nge2 Nbd5 14. Bxd5 exd5
15. Na4 Qa5 16. a3 Rd7 17. Nc5 Rc7 18. b4 Qb6 19. Qb3 Nf5 20. Qh3 Kb8 21. Bd8
Bxc5 22. dxc5 1-0

[Event "Chigorin Memorial"]
[Site "St Petersburg RUS"]
[Date "2013.10.07"]
[Round "3.29"]
[White "Hovhannisyan, Robert"]
[Black "Kostin, Konstantin"]
[Result "1-0"]
[WhiteTitle "GM"]
[BlackTitle "FM"]
[WhiteElo "2599"]
[BlackElo "2337"]
[WhiteFideId "13302507"]
[BlackFideId "4155882"]
[EventDate "2013.10.05"]

1. e4 c6 2. d4 d5 3. e5 c5 4. dxc5 Nc6 5. a3 Nxe5 6. Bb5+ Nc6 7. b4 Nf6 8. Bb2
e6 9. Nf3 Be7 10. O-O O-O 11. Nbd2 Bd7 12. Bd3 a5 13. b5 Na7 14. a4 Bxc5 15. Ne5
Nc8 16. c4 Ne7 17. cxd5 Nexd5 18. Rc1 Be7 19. Rc4 Be8 20. Qf3 Nd7 21. Nxd7 Bxd7
22. Bxh7+ Kxh7 23. Qh5+ Kg8 24. Bxg7 f5 25. Be5 Rf6 26. Rh4 1-0

[Event "Chigorin Memorial"]
[Site "St Petersburg RUS"]
[Date "2013.10.07"]
[Round "3.30"]
[White "Mikhalchenko, Petr"]
[Black "David, Alberto"]
[Result "0-1"]
[BlackTitle "GM"]
[WhiteElo "2344"]
[BlackElo "2574"]
[WhiteFideId "4177657"]
[BlackFideId "4000013"]
[EventDate "2013.10.05"]

1. c4 e6 2. d4 b6 3. e4 Bb7 4. Bd3 Nc6 5. Ne2 Nb4 6. Nbc3 Nxd3+ 7. Qxd3 g6 8. h4
Nf6 9. e5 Nh5 10. d5 d6 11. g4 Ng7 12. Bf4 dxe5 13. Bxe5 f6 14. Bg3 Qe7 15.
O-O-O O-O-O 16. Rhe1 Qf7 17. Nd4 e5 18. Ncb5 exd4 19. Nxa7+ Kb8 20. Nc6+ Bxc6
21. dxc6 b5 22. cxb5 Qxa2 23. b6 Rd5 24. Bxc7+ Kc8 25. Re2 Bb4 26. Qb1 Qa4 27.
Rc2 d3 28. Bg3 d2+ 29. Rcxd2 Bxd2+ 30. Rxd2 Qxc6+ 31. Rc2 Rc5 0-1

[Event "Chigorin Memorial"]
[Site "St Petersburg RUS"]
[Date "2013.10.07"]
[Round "3.31"]
[White "Epishin, Vladimir"]
[Black "Mikhailov, Viacheslav"]
[Result "1/2-1/2"]
[WhiteTitle "GM"]
[BlackTitle "FM"]
[WhiteElo "2572"]
[BlackElo "2343"]
[WhiteFideId "4162714"]
[BlackFideId "4187369"]
[EventDate "2013.10.05"]

1. d4 Nf6 2. c4 e6 3. Nc3 Bb4 4. Bd2 O-O 5. Nf3 b6 6. e3 Bb7 7. Bd3 d5 8. cxd5
exd5 9. Rc1 Nbd7 10. O-O a6 11. Ne5 Nxe5 12. dxe5 Bxc3 13. Bxc3 Ne4 14. f4 Nxc3
15. bxc3 Qe7 16. Rf3 g6 17. Rg3 Kh8 18. Qd2 Rad8 19. Rf1 c5 20. Qf2 Bc8 21. h3
f6 22. exf6 Qxf6 23. Qd2 Bf5 24. Bxf5 gxf5 25. Rd1 Rg8 26. Rxg8+ Kxg8 27. c4 d4
28. Qd3 Qe6 29. Kh2 Kf7 30. a4 Rd6 31. Re1 dxe3 32. Qxe3 Qxe3 33. Rxe3 Rd4 34.
Rb3 Rxc4 35. Rxb6 Rxa4 36. Rc6 c4 37. g4 a5 38. Rc5 fxg4 39. hxg4 Ke6 40. f5+
Kd6 41. f6 Rb4 42. Rxa5 Rb7 43. Rf5 Rf7 44. g5 c3 45. Rf3 c2 46. Rc3 Rc7 47.
Rxc7 Kxc7 48. f7 c1=Q 49. f8=Q Qxg5 50. Qf7+ Kc6 51. Qxh7 1/2-1/2

[Event "Chigorin Memorial"]
[Site "St Petersburg RUS"]
[Date "2013.10.07"]
[Round "3.32"]
[White "Jumabayev, Rinat"]
[Black "Bazeev, German"]
[Result "1-0"]
[WhiteTitle "GM"]
[WhiteElo "2568"]
[BlackElo "2322"]
[WhiteFideId "13702661"]
[BlackFideId "24119350"]
[EventDate "2013.10.05"]

1. Nf3 f5 2. g3 Nf6 3. d4 g6 4. Bg2 Bg7 5. O-O O-O 6. c4 d6 7. Nc3 Qe8 8. d5 Na6
9. Nd4 Bd7 10. b3 c5 11. Nc2 Nc7 12. a4 Ng4 13. Qd2 h6 14. Bb2 g5 15. h3 Nf6 16.
e3 Qg6 17. Qd3 Be8 18. f4 Nh5 19. g4 Ng3 20. e4 Nxf1 21. exf5 Qh7 22. fxg5 hxg5
23. Rxf1 Qh8 24. Ne1 Bf6 25. Nf3 Rf7 26. Qd2 Qg7 27. Rb1 Bd7 28. Ne4 Bxb2 29.
Rxb2 Bxf5 30. Nexg5 Bxg4 31. hxg4 Rf6 32. Ne4 Rh6 33. g5 Rh8 34. Qc3 Rf8 35.
Qxg7+ Kxg7 36. Re2 Na6 37. Nf2 Rf7 38. Nd3 Nc7 39. Kf2 Re8 40. Bh3 Rh8 41. Bg2
Re8 42. Kg3 e5 43. Nd2 Ref8 44. Ne4 Ne8 45. a5 Kg6 46. Nexc5 dxc5 47. Nxe5+ 1-0

[Event "Chigorin Memorial"]
[Site "St Petersburg RUS"]
[Date "2013.10.07"]
[Round "3.33"]
[White "Anisimov, Pavel2"]
[Black "Gorozhanin, Mikhail"]
[Result "0-1"]
[WhiteTitle "IM"]
[BlackTitle "FM"]
[WhiteElo "2538"]
[BlackElo "2315"]
[WhiteFideId "4135229"]
[BlackFideId "4178262"]
[EventDate "2013.10.05"]

1. e4 e6 2. d4 d5 3. Nd2 Nf6 4. Bd3 c5 5. e5 Nfd7 6. c3 Nc6 7. Ne2 cxd4 8. cxd4
f6 9. exf6 Qxf6 10. Nf3 h6 11. O-O Bd6 12. Ng3 O-O 13. Be3 Rd8 14. Bc2 Nf8 15.
Qd2 Bd7 16. Nh5 Qf7 17. Nf4 Be8 18. a3 Qf6 19. Rfe1 Rac8 20. Rac1 b6 21. Nd3 Bg6
22. Nfe5 Bxe5 23. dxe5 Qf7 24. f4 Na5 25. b3 d4 26. Bf2 Rc3 27. Nb4 Bxc2 28.
Rxc2 Nxb3 29. Qd1 Qc7 30. Rxc3 Qxc3 31. Qd3 a5 32. Rb1 Nd2 33. Rd1 axb4 34. Rxd2
Qxa3 35. Qb1 d3 36. Bxb6 Rd5 37. Be3 Qc3 38. h3 Ng6 39. Kh2 b3 40. Qb2 Qc4 41.
Rf2 Ra5 42. Qb1 Ra2 43. Rd2 Rxd2 0-1

[Event "Chigorin Memorial"]
[Site "St Petersburg RUS"]
[Date "2013.10.07"]
[Round "3.34"]
[White "Rozhko, Dmitry"]
[Black "Stukopin, Andrey"]
[Result "1/2-1/2"]
[WhiteTitle "FM"]
[BlackTitle "IM"]
[WhiteElo "2339"]
[BlackElo "2515"]
[WhiteFideId "4150430"]
[BlackFideId "24107131"]
[EventDate "2013.10.05"]

1. d4 Nf6 2. Nf3 g6 3. Bg5 Bg7 4. Nbd2 d5 5. e3 O-O 6. c3 c5 7. Be2 b6 8. O-O
Bb7 9. b4 cxb4 10. cxb4 Nc6 11. b5 Na5 12. Rc1 a6 13. Bf4 Ne8 14. bxa6 Bxa6 15.
Bxa6 Rxa6 16. Qe2 Ra7 17. Qb5 Nf6 18. h3 e6 19. Rc2 Qa8 20. Rfc1 Nc4 21. Nxc4
dxc4 22. Rxc4 Nd5 23. a4 Nxf4 24. exf4 Bh6 25. Qxb6 Bxf4 26. Ra1 Rb8 27. Qc6
Qxc6 28. Rxc6 Rxa4 29. Rd1 Ra3 30. Ne1 Rd8 31. Rc5 Bb8 32. Nc2 Ra4 33. Rc3 Ba7
34. Rcd3 Rc4 35. R3d2 Bb6 36. Kf1 Ba5 37. Ne3 Bxd2 38. Nxc4 Bc3 39. Ne5 Rxd4 40.
Rxd4 Bxd4 41. Nd3 Kf8 42. Ke2 Ke7 43. f4 Kd6 44. g4 Kd5 45. Kf3 Kc4 46. Nc1 f5
47. Ne2 Kd3 48. Nc1+ Kc2 49. Ne2 Bb6 50. Ng3 Kd3 51. Nf1 Bd8 52. Ne3 Bf6 53. Nf1
Bh4 54. Ne3 h5 55. gxh5 gxh5 56. Ng2 Bf6 57. Ne1+ Kd2 58. Ng2 Bd8 59. Kf2 Bb6+
60. Kf3 Bc5 61. Nh4 Ke1 62. Ng6 Kf1 63. Kg3 Bf2+ 64. Kf3 Bc5 65. Kg3 Bf2+ 66.
Kf3 Bd4 67. Nf8 e5 68. fxe5 Bxe5 69. Ng6 1/2-1/2

[Event "Chigorin Memorial"]
[Site "St Petersburg RUS"]
[Date "2013.10.07"]
[Round "3.35"]
[White "Makarov, Marat"]
[Black "Molchanova, Tatjana"]
[Result "1/2-1/2"]
[WhiteTitle "GM"]
[BlackTitle "WGM"]
[WhiteElo "2512"]
[BlackElo "2311"]
[WhiteFideId "4101103"]
[BlackFideId "4132203"]
[EventDate "2013.10.05"]

1. Nf3 d5 2. b3 c5 3. e3 Nc6 4. Bb2 e6 5. d4 Nf6 6. a3 b6 7. Nbd2 Bd6 8. Bd3 Qc7
9. c4 Ba6 10. Qe2 O-O 11. dxc5 dxc4 12. Bxc4 Bxc4 13. Qxc4 bxc5 14. Bxf6 gxf6
15. O-O Ne5 16. Qh4 Be7 17. Rad1 Kh8 18. Qh5 Rad8 19. Nxe5 Qxe5 20. Qxe5 fxe5
21. Nc4 Bf6 22. f3 Rd5 23. e4 Rd4 24. Rxd4 exd4 25. Kf2 Rb8 26. Rb1 Kg8 27. Ke2
Kf8 28. Kd3 Ke8 29. f4 Kd7 30. e5 Be7 31. Nd2 h5 32. g3 Kc6 33. Kc4 a5 34. Nf3
Kc7 35. Ne1 a4 36. Nd3 Kc6 37. b4 cxb4 38. axb4 Kb6 39. Kxd4 Kb5 40. Kc3 Rc8+
41. Nc5 Bf8 42. Rd1 Bxc5 43. bxc5 Rxc5+ 44. Kb2 Kb4 45. Rd7 a3+ 46. Kb1 a2+ 47.
Kxa2 Rc2+ 48. Kb1 Rxh2 49. Rxf7 Kc5 50. Rd7 Rg2 51. Rd6 Rxg3 52. Rxe6 Rf3 53.
Rh6 1/2-1/2